000 00501nam a2200181Ia 4500
008 090123s9999 xx 000 0 und d
082 _b21616
100 _aपंडित राम
245 _aतर्जुमा
250 _a1
260 _bइंद्रायणी साहित्य
_c1989
300 _a136
600 _aपंडित राम
630 _aतर्जुमा
700 _aपंडित राम
730 _aतर्जुमा
942 _cBOOK
999 _c59688
_d59688